000 00271nam a2200109Ia 4500
008 220204s9999 xx 000 0 und d
082 _a321.7
_bNAV
100 _aNavin Chandra Joshi
245 0 _aDemocracy and human values
260 _aDelhi
_bSterling
_c1979
942 _cBK
999 _c34764
_d34764